Gminy w powiecie Wejherowskim - Statystyki

Ogólne statystyki
  • Ten quiz został rozwiązany 82 razy
  • Średni wynik to 7 z 10
Statystyki odpowiedzi
Gmina Nazwa Gminy % Poprawnych
Gmina Wejherowo
92%
Gmina Wejherowo
92%
Gmina Reda
77%
Gmina Rumia
77%
Gmina Szemud
64%
Gmina Luzino
60%
Gmina Gniewino
58%
Gmina Linia
51%
Gmina Choczewo
49%
Gmina Łęczyce
45%
Nie znaleziono quizów pasujących do podanych kryteriów
Rozkład punktacji
Procent ludzi z każdym wynikiem
Percentyl według liczby udzielonych odpowiedzi
Twoja historia wyników
Nie rozwiązałeś tego quizu